| 000 | 00591nam a22001817a 4500 | ||
|---|---|---|---|
| 008 | 160916b xxu||||| |||| 00| 0 eng d | ||
| 020 | _a1609136925 | ||
| 040 |
_aKABU _cKABU |
||
| 050 |
_aRT62 _b.K87 2011 C.1 |
||
| 100 | _aKurzen, Corrine R. | ||
| 245 |
_aContemporary pratical/ vocational nursing _cby Corrine R. Kurzen |
||
| 250 | _a7th ed. | ||
| 260 |
_aPhiladelphia _bLippicott Williams & Wilkins _c2011 |
||
| 300 | _axiii, 401 p. | ||
| 650 |
_2Nursing, practical _vMethods |
||
| 650 | _2Vocational guidance | ||
| 942 |
_2lcc _cBK _e7th ed. _hRT62 .K87 2011 C.1 |
||
| 999 |
_c16057 _d16057 |
||